|
|
|
|
| LEADER |
00754nas a2200193 i 4500 |
| 001 |
acta42159 |
| 005 |
20260224081030.0 |
| 008 |
170505s2009 hu o 000 eng d |
| 022 |
|
|
|a 1417-3875
|
| 040 |
|
|
|a SZTE Egyetemi Kiadványok Repozitórium
|b hun
|
| 041 |
|
|
|a eng
|
| 100 |
1 |
|
|a Prasad Kapula Rajendra
|
| 245 |
1 |
0 |
|a Multiple positive solutions for nonlinear third order general two-point boundary value problems
|h [elektronikus dokumentum] /
|c Prasad Kapula Rajendra
|
| 260 |
|
|
|c 2009
|
| 300 |
|
|
|a 1-17
|
| 490 |
0 |
|
|a Electronic journal of qualitative theory of differential equations
|
| 695 |
|
|
|a Nemlineáris határérték probléma
|
| 700 |
0 |
1 |
|a Murali P.
|e aut
|
| 856 |
4 |
0 |
|u http://acta.bibl.u-szeged.hu/42159/1/ejqtde_2009_009_001-017.pdf
|z Dokumentum-elérés
|